000 01027nam a22003137a 4500
003 CHAP
005 20220817041008.0
008 971013s1989 r 00010 d
010 _a4192
011 _a5164
035 _a4370
040 _cCHAP
082 _a551.5
_bI57 1988-89
110 _aInternational Center for Agricultural Research in the Dry Areas
245 _aMeteorological reports for ICARDA experiment stations in Syria
_b: 1988
_c/ 89 season
260 _aAleppo :
_bICARDA,
_c1989
300 _a310 p.
_b; gráfs
500 _aD53-25
590 _aBATCH-UPD
_b10
_c20130110
_lUCH01
_h0119
590 _aBATCH-UPD
_b10
_c20130110
_lUCH01
_h1732
590 _aBATCH-UPD
_b10
_c20130410
_lUCH01
_h1113
590 _aBATCH-UPD
_b10
_c20130914
_lUCH01
_h1815
590 _aCONVERSION
_b10
_c20130109
_lUCH01
_h1303
650 1 4 _aMeteorología agrícola.
_975217
650 1 4 _aSiria
_xClima.
_9106677
901 _aBK
942 _cLIBRO
949 _a551.5 I57 1988-89
_bBC
_cLIBRO
_d33724000240263
_eLIBRO
_h81318
_i4370
_mD
_si
999 _c4192
_d4192